00703nam a2200205Ia 4500003000900000008004100009020001800050040001600068080002200084245009500106260004900201300001200250490001600262650002700278700002600305700003200331942000700363999001700370952011000387IN-BaIIA211028s9999 xx 000 0 eng d a92-9092-580-9 cIIA Library a52-128(047) bESO 0aInvesting in spacebthe challenges for Europecedited by Geraldine Naja and Bruce Battrick aThe NetherlandsbEuropean Space Agencyc1999 a48p.+cd aESO SP-2000 aSpace programme925577 aBattrick, Bruce., ed. aNaja, Geraldine, ed.925578 cBK c14416d14416 00104070aBANbBANcGENd2001-12-27l0o52-128(047) / ESOp15336r2021-11-05w2001-12-27yBKG€ 10.00